| 000 | 01058nam a2200241 a 4500 | ||
|---|---|---|---|
| 001 | 47285 | ||
| 003 | BD-RjUL | ||
| 005 | 20211209054305.0 | ||
| 008 | 160808s1984 bg ||||| |||| 00| 0 ben d | ||
| 020 | _c: Tk.30.00 | ||
| 035 | _a(BD-RjUL)47404 | ||
| 040 |
_aBD-RjUL _bben _cBD-RjUL _dBD-RjUL |
||
| 041 | _aben | ||
| 082 |
_223 _a338.95492 _bJAB 1984 |
||
| 100 |
_aজাহাঙ্গীর, বোরহানউদ্দিন খান _9143926 |
||
| 245 | 1 | 0 |
_aবাংলাদেশের ধনতন্ত্রের উদ্ভব ও বিকাশ / _cবোরহানউদ্দিন খান জাহাঙ্গীর, |
| 246 | _b২য় সং. | ||
| 260 |
_aঢাকা : _bসমাজ নিরীক্ষণ কেন্দ্র, _c১৯৮৪. |
||
| 300 |
_a১২০ পৃ. ; _c২৭ সেমি. |
||
| 650 |
_aঅর্থনৈতিক উন্নয়ন ও প্রবৃদ্ধি _9143927 _zবাংলাদেশ |
||
| 650 |
_aEconomic development and growth _9143928 _zBangladesh |
||
| 942 |
_2ddc _cBK |
||
| 999 |
_c47285 _d47285 |
||